000 00298nam a22001217a 4500
082 _a001
_bILI/T
100 _aILIAN,GEORGE
245 _aTOP VISIONARIES WHO CHANGED THE WORLD
260 _aSTAMFORD
_bJAICO PUBLISHING
300 _a154
650 _aLIFE AND BUSINESS LESSONS
_zSTAMFORD
942 _cBK
999 _c5571
_d5571